JHCSC Library Logo Welcome to JHCSC LibraryWhere Every Page Begins a New Adventure.    Vision: A leading public higher education institution serving the ASEAN community through quality, innovative, and culture-sensitive programs.    Mission: To provide relevant and responsive programs in Agriculture, Education, and other fields aligned with its vision. It undertakes applied research, extension, and production services that yield practical and lasting solutions to sector-specific challenges, improving the socio-economic well-being of identified communities.

Build Your Own PC (Record no. 11363)

MARC details
000 -LEADER
fixed length control field 00484nam a22001697a 4500
005 - DATE AND TIME OF LATEST TRANSACTION
control field 20260225013011.0
008 - FIXED-LENGTH DATA ELEMENTS--GENERAL INFORMATION
fixed length control field 260225b |||||||| |||| 00| 0 eng d
020 ## - INTERNATIONAL STANDARD BOOK NUMBER
International Standard Book Number 0072255595
040 ## - CATALOGING SOURCE
Transcribing agency jhcsc
082 ## - DEWEY DECIMAL CLASSIFICATION NUMBER
Edition number 4
Classification number 620.004'202'85
100 ## - MAIN ENTRY--PERSONAL NAME
9 (RLIN) 10178
Personal name Morris Rosenthal
Relator term Author
245 ## - TITLE STATEMENT
Title Build Your Own PC
Statement of responsibility, etc. Morris Rosenthal
250 ## - EDITION STATEMENT
Edition statement Fourth Edition
260 ## - PUBLICATION, DISTRIBUTION, ETC.
Place of publication, distribution, etc. Philippines
Name of publisher, distributor, etc. McGraw-Hill Companies
Date of publication, distribution, etc. c2004
300 ## - PHYSICAL DESCRIPTION
Extent xi, 223 p.
Other physical details ill.
942 ## - ADDED ENTRY ELEMENTS (KOHA)
Source of classification or shelving scheme Dewey Decimal Classification
Koha item type Book
Edition Fourth Edition
Holdings
Withdrawn status Lost status Source of classification or shelving scheme Damaged status Not for loan Collection code Home library Current library Shelving location Date acquired Full call number Barcode Date last seen Price effective from Koha item type Total Checkouts
    Dewey Decimal Classification     Information Technology JHCSC - Canuto MS Enero Campus Library JHCSC - Canuto MS Enero Campus Library Circulation 11/11/2013 620.004'202'85 R795 2001 2013-382 c 02/25/2026 02/25/2026 Book  
    Dewey Decimal Classification     Information Technology JHCSC - Canuto MS Enero Campus Library JHCSC - Canuto MS Enero Campus Library Circulation 11/11/2013 620.004'202'85 R795 2001 2013-381 c 02/25/2026 02/25/2026 Book  
© J.H. Cerilles State College | All Rights Reserved
Designed by Terhevic L. Bation & Gerald Biad, Library IT Staff